000
00293nam a2200121Ia 4500
008
190216s9999||||xx |||||||||||||| ||und||
100
_a
Verma Mm & Agarwal R K
245
0
_a
Quantitative Techniques
260
_b
Forward Book Dep
_c
1982
300
_a
416p
650
_a
Commerce
942
_c
BK
999
_c
5522
_d
5522